Countries with the Deadliest Mountaineering Disasters - Statistics

General Stats
  • This quiz has been taken 35 times
  • The average score is 13 of 16
Answer Stats
Deaths Country % Correct
170 Nepal
97%
65 India
94%
57 United States
94%
198 China
91%
75 Pakistan
91%
45 Chile
88%
85 France
88%
64 Italy
88%
22 Mexico
88%
424 Japan
84%
42 Switzerland
81%
58 Kyrgyzstan
66%
43 Tajikistan
66%
29 Ecuador
59%
25 New Zealand
53%
27 Poland
41%
No matching quizzes found
Score Distribution
Percent of People with Each Score
Percentile by Number Answered
Your Score History
You have not taken this quiz